<?xml version="1.0" encoding="UTF-8"?>
<record
    xmlns:xsi="http://www.w3.org/2001/XMLSchema-instance"
    xsi:schemaLocation="http://www.loc.gov/MARC21/slim http://www.loc.gov/standards/marcxml/schema/MARC21slim.xsd"
    xmlns="http://www.loc.gov/MARC21/slim">

  <leader>00531nam a22001817a 4500</leader>
  <controlfield tag="005">20220818105354.0</controlfield>
  <controlfield tag="008">eng</controlfield>
  <datafield tag="020" ind1=" " ind2=" ">
    <subfield code="a">9780798663922</subfield>
    <subfield code="q">paperback</subfield>
  </datafield>
  <datafield tag="040" ind1=" " ind2=" ">
    <subfield code="a">rda</subfield>
    <subfield code="c">3228</subfield>
  </datafield>
  <datafield tag="082" ind1=" " ind2=" ">
    <subfield code="a">TSO KF AHIT</subfield>
  </datafield>
  <datafield tag="245" ind1=" " ind2=" ">
    <subfield code="a">a hi tlangeni</subfield>
    <subfield code="c">Heather Moore [illustration] , Vava Makhubalo &amp; Jane Manangu [language consultations]</subfield>
  </datafield>
  <datafield tag="250" ind1=" " ind2=" ">
    <subfield code="a">First edition</subfield>
  </datafield>
  <datafield tag="260" ind1=" " ind2=" ">
    <subfield code="a">Pinelands</subfield>
    <subfield code="b">kagiso education</subfield>
    <subfield code="c">2001</subfield>
  </datafield>
  <datafield tag="300" ind1=" " ind2=" ">
    <subfield code="a">12 pages</subfield>
    <subfield code="b">color illustrations</subfield>
    <subfield code="c">21 cm</subfield>
  </datafield>
  <datafield tag="521" ind1=" " ind2=" ">
    <subfield code="a">junior fiction</subfield>
  </datafield>
  <datafield tag="942" ind1=" " ind2=" ">
    <subfield code="w">157</subfield>
    <subfield code="x">Nompumelelo Malambe</subfield>
    <subfield code="y">157</subfield>
    <subfield code="z">Nompumelelo Malambe</subfield>
  </datafield>
  <datafield tag="942" ind1=" " ind2=" ">
    <subfield code="2">ddc</subfield>
    <subfield code="c">BOOK</subfield>
  </datafield>
  <datafield tag="999" ind1=" " ind2=" ">
    <subfield code="c">729475</subfield>
    <subfield code="d">729474</subfield>
  </datafield>
  <datafield tag="952" ind1=" " ind2=" ">
    <subfield code="0">0</subfield>
    <subfield code="1">0</subfield>
    <subfield code="2">ddc</subfield>
    <subfield code="4">0</subfield>
    <subfield code="7">0</subfield>
    <subfield code="8">F</subfield>
    <subfield code="a">MBOMRL</subfield>
    <subfield code="b">MATPL</subfield>
    <subfield code="c">CHILD</subfield>
    <subfield code="d">2022-08-18</subfield>
    <subfield code="g">87.56</subfield>
    <subfield code="o">TSO KF AHIT</subfield>
    <subfield code="p">33228031126059</subfield>
    <subfield code="r">2022-08-18</subfield>
    <subfield code="y">BOOK</subfield>
  </datafield>
</record>
